Scotland National Rugby Team - Statistics

General Stats
  • This quiz has been taken 198 times
    31 since last reset
  • The average score is 8 of 24
Answer Stats
Caps Tries Points Player % Correct
89 9 452 Finn Russell
70%
61 17 667 Gavin Hastings
67%
76 5 714 Greig Laidlaw
67%
100 27 171 Stuart Hogg
67%
36 5 171 Adam Hastings
59%
52 35 175 Duhan van der Merwe
59%
50 34 170 Darcy Graham
56%
58 23 115 Huw Jones
52%
109 22 809 Chris Paterson
48%
81 4 20 Jonny Gray
41%
82 17 164 Gregor Townsend
37%
110 5 25 Ross Ford
37%
32 24 72 Ian Smith
22%
105 14 70 Sean Lamont
22%
84 1 5 Grant Gilchrist
19%
85 7 35 Mike Blair
19%
67 4 266 Dan Parks
15%
51 9 269 Andy Irvine
7%
87 3 15 Scott Murray
7%
27 17 81 Alan Tait
4%
70 13 220 Kenny Logan
4%
55 20 100 Tommy Seymour
4%
23 2 210 Peter Dods
0%
52 24 106 Tony Stanger
0%
No matching quizzes found
Score Distribution
Percent of People with Each Score
Percentile by Number Answered
Your Score History
You have not taken this quiz since the last reset